[Event "Moscow op-A 13th"]
[Site "Moscow"]
[Date "2017.01.30"]
[Round "3"]
[White "Korovin, Mikhail"]
[Black "Marchuk, Rostislav"]
[Result "1-0"]
[WhiteElo "2332"]
[BlackElo "2218"]
[PlyCount "67"]
[EventDate "2017.01.28"]
[EventType "swiss"]
[EventRounds "9"]
[EventCountry "RUS"]
[SourceTitle "EXT 2018"]
[Source "ChessBase"]
[SourceDate "2017.10.13"]
[SourceVersion "1"]
[SourceVersionDate "2017.10.13"]
[SourceQuality "1"]

1. d4 d5 2. Nf3 Nf6 3. c4 e6 4. e3 c5 5. cxd5 exd5 6. Be2 Nc6 7. 0-0 Be7 8. dxc5 Bxc5 9. a3 a5 10. b3 0-0 11. Bb2 Be7 12. Nc3 Bf5 13. Nd4 Bg6 14. Rc1 Rc8 15. Bd3 Ne4 16. Nxe4 dxe4 17. Nxc6 Rxc6 18. Rxc6 bxc6 19. Bc4 Bf5 20. Qe2 Qb6 21. Bc3 Rd8 22. Qh5 g6 23. Qh6 Bf8 24. Qg5 Bg7 25. Bxg7 Kxg7 26. g4 Bc8 27. Qe5+ Kg8 28. Qxe4 c5 29. Qe7 Be6 30. Bxe6 fxe6 31. Rc1 Rc8 32. Rd1 Qxb3 33. Rd7 Qd1+ 34. Rxd1 1-0

[Event "Wch U14"]
[Site "Khanty-Mansiysk"]
[Date "2016.09.25"]
[Round "4"]
[White "Stoleriu, George"]
[Black "Marchuk, Rostislav"]
[Result "1/2-1/2"]
[WhiteElo "2247"]
[BlackElo "2054"]
[PlyCount "85"]
[EventDate "2016.09.22"]
[EventType "swiss"]
[EventRounds "11"]
[EventCountry "RUS"]
[SourceTitle "EXT 2017"]
[Source "ChessBase"]
[SourceDate "2016.10.25"]
[SourceVersion "1"]
[SourceVersionDate "2016.10.25"]
[SourceQuality "1"]

1. e4 d6 2. d4 Nf6 3. Nc3 e5 4. dxe5 dxe5 5. Qxd8+ Kxd8 6. Bc4 Bb4 7. Nf3 Rf8 8. Nxe5 Nxe4 9. Nxf7+ Ke8 10. 0-0 Bxc3 11. bxc3 Rxf7 12. Bxf7+ Kxf7 13. Bf4 Nxc3 14. Bxc7 Nc6 15. Rfe1 Bf5 16. Be5 Nd5 17. c3 Rc8 18. Rad1 Nf6 19. f3 h5 20. Bf4 Ne7 21. Bd6 Ned5 22. Re5 Nxc3 23. Re7+ Kg6 24. Rd2 Nb5 25. Be5 b6 26. h3 Rc1+ 27. Kh2 h4 28. a4 Na3 29. Bb2 Rc2 30. Rxc2 Nxc2 31. Rxa7 Nb4 32. Bd4 Nd7 33. Rb7 Nd5 34. Bf2 Kh5 35. f4 Kg6 36. Bxh4 Nxf4 37. g4 Be6 38. Bg3 Nd3 39. a5 bxa5 40. Ra7 N3c5 41. Rxa5 Ne4 42. Be5 Nxe5 43. Rxe5 1/2-1/2

[Event "Wch U14"]
[Site "Khanty-Mansiysk"]
[Date "2016.09.22"]
[Round "1"]
[White "Marchuk, Rostislav"]
[Black "Sargsyan, Shant"]
[Result "1-0"]
[WhiteElo "2054"]
[BlackElo "2440"]
[PlyCount "57"]
[EventDate "2016.09.22"]
[EventType "swiss"]
[EventRounds "11"]
[EventCountry "RUS"]
[SourceTitle "EXT 2017"]
[Source "ChessBase"]
[SourceDate "2016.10.25"]
[SourceVersion "1"]
[SourceVersionDate "2016.10.25"]
[SourceQuality "1"]

1. d4 Nf6 2. Nf3 e6 3. e3 b6 4. Bd3 Bb7 5. 0-0 c5 6. c4 Be7 7. Nc3 cxd4 8. exd4 d5 9. cxd5 Nxd5 10. Ne5 0-0 11. Qh5 Nf6 12. Qh4 Ne4 13. Qg4 Nxc3 14. bxc3 Bf6 15. Qh3 g6 16. Ng4 Bg7 17. Nh6+ Kh8 18. Ba3 f5 19. Rfe1 Qf6 20. Bxf8 Qxf8 21. Rxe6 Bxh6 22. Rae1 Nd7 23. Re7 Rd8 24. Bc4 Bg7 25. Rf7 Qa3 26. Qh4 Rg8 27. Rxd7 Qxc3 28. Qe7 Be4 29. Qxg7+ 1-0